| 000 | 00741 a2200217 4500 | ||
|---|---|---|---|
| 003 | 0000 | ||
| 005 | 20251017113726.0 | ||
| 020 | _a9781032470566 | ||
| 040 | _erda | ||
| 050 |
_aTJ 1075 _b.T75 2025 |
||
| 100 |
_4Editor _aPaulraj Jawahar |
||
| 245 |
_aTribo-Behaviors of Biomaterials and Their Applications _bFundamentals, Recent Advancements and future Trends/ _cJawahar Paulraj, Prasun Chakraborti, V. Anandakrishnan & S. Sathishkumar |
||
| 264 |
_aBoca Raton _bCRC Press _c2025 |
||
| 300 |
_axii, 252p.: _bill. |
||
| 336 | _2rdacontent | ||
| 338 | _2rdacarrier | ||
| 500 | _aIndex | ||
| 504 | _aIndex | ||
| 650 | _2 | ||
| 942 |
_2lcc _cBK |
||
| 999 |
_c43892 _d43892 |
||